Säure-Basen-Haushalt - Statistiken

Allgemein
  • Dieses Quiz wurde 4 mal gespielt
  • Das Durchschnittsergebnis liegt bei 5 aus 17
Antwortstatistiken
Hint Antwort % Korrekt
Negativer dekadischer Logarithmus der Wasserstoffionenkonzentration pH
100%
Normwert pCO2 35 - 45 mmHg
33%
Normwert pO2 70 - 100 mmHg
33%
Normwert pH 7,36 - 7,44
33%
Gibt an, wie viel mmol Säure oder Base in jedem Liter extrazellulärer Flüssigkeit fehlt, um den pH-Wert zu normalisieren. BE
33%
Größtes Puffersystem Bicarbonat
33%
Erhöhtes HCO3 mit positiven BE und pH-Anstieg Metabolische Alkalose
33%
Erniedrigte HCO3 mit negativen BE und pH-Senkung Metabolische Azidose
33%
Maß für den respiratorischen Einfluss auf den Säure-Basen-Gleichgewicht pCO2
33%
Kleinstes Puffersystem Phosphat
33%
Maß für den Gasaustausch in der Lunge und Dient der Beurteilung der Sauerstoffversorgung des Gewebes pO2
33%
Mittleres Puffersystem Protein
33%
Erniedrigter pCO2 mit pH-Anstieg Respiratorische Alkalose
33%
Erhöhte pCO2 mit pH-Senkung Respiratorische Azidose
33%
Normwert HCO3 22 - 26 mmol/l
0%
Normwert Basenüberschuss (Basen-Exzess BE) -2,5 - +2,5 mmol/l
0%
Errechnet aus pH-Wert und pCO2 nach Handerson-Hasselbalch‘schen Gleichung.Ausdruck einer nicht-respiratorischen Störung. HCO3
0%
Keine übereinstimmenden Quizze gefunden
Verteilung der Resultate
Anzahl Personen mit jedem Resultat
Perzentil nach korrekt beantworteten Fragen
Ihre Resultats-Entwicklung
Sie haben dieses Quiz noch nicht gespielt